| 000 | 00436nam a2200181Ia 4500 | ||
|---|---|---|---|
| 003 | GCL | ||
| 008 | 140319s9999 xx 000 0 eng d | ||
| 040 |
_aGCL / _cGCL |
||
| 082 | 0 | 4 |
_aCH _b507 _bD W |
| 100 | 1 | _aDORLING, KINDERSLEY | |
| 245 | 1 | 0 |
_aWHAT'S INSID ?SHELLR / _cDORLING, KINDERSLEY |
| 260 |
_a[S.N] : _bDORLING KINDERSLEY |
||
| 650 | 0 | 4 | _aANIMAL |
| 650 | 0 | 4 | _aINSECTS |
| 650 | 0 | 4 | _aSEA |
| 650 | 0 | 4 | _aSHELL |
| 942 |
_2ddc _cBK |
||
| 999 |
_c19021 _d19021 |
||